00993nac a22002537a 4500001001000000003000900010005001700019008003400036040005400070072000800124090001900132110009800151245005500249260003700304300000900341490012400350650001100474650001500485650001000500909004700510942001700557999001900574952014600593BR0204633BR-BrBNA20240105122714.0230509b bl.|||m| |||| 00| 0 por d aBR-BrBNAbporcBiblioteca Nacional de Agricultura aH20 a1116 BR02046331 aEmprresa Capixaba de Pesquisa, Assistência Técnica e Extensão Rural, Vitória (Brasil)1 aBacteriose da goiabeira: evite a doença no pomar3 aVitória, ES (Brasil): c[nd].  a4 p. aDocumentos - Empresa Capixaba de Pesquisa, Assistência Técnica e Extensão Rural (Brazil)vno. 101xISSN 1516-8115 aGOIABA aBACTERIOSE aPOMAR a202312bLúcia Elandec55dLúcia Elande 2AGRISn0cMS c292423d292423 002AGRIS40708Acervo Gerala41918b41918cAGROBASEl0o1116 BR0204633p1116 BR0204633r2023-12-18yMSePortaria Interministerial nº 164/94